000 00769nas a2200241 4500
001 BR8002030
003 BR-BrBNA
005 20231205084250.0
007 ta
008 230509b bl.|||p| |||| 00| 00por d
040 _aBR-BrBNA
_bpor
_cBiblioteca Nacional de Agricultura
041 _a(Pt)
072 _aF00; L00
100 1 _aNobrega, A.
245 1 _a1. FIAGA estimula agricultura e pecuaria Brasileiras [Feira Iternacional de Agricultura e Alimentacao]
650 _aProducao vegetal
650 _aProducao animal
650 _aExposicao agricola
650 _aExposicao pecuaria
773 0 _tAgricultura e Pecuaria (Brazil)
_xISSN 0100-249X
_g(Aug 1980), (no. 630) p. 4-8
_wBR8002030
909 _a202311
_bLúcia
_c55
_dLúcia Elande
942 _2AGRIS
_n0
_cANA
999 _c104132
_d104132